MARC
| LEADER | 00000 a a2200000 04500 | ||
|---|---|---|---|
| 001 | 28987 | ||
| 003 | |||
| 040 | |||
| 020 | |a 950-9231-87-8 | ||
| 090 | |a 190512 | ||
| 100 | |a Boron, Atilio A. | ||
| 110 | |a Consejo Latinoamericano de Ciencias Sociales | ||
| 245 | |a Filosofía política contemporánea: controversias sobre civilización, imperio y ciudadanía / |c Atilio A. Boron | ||
| 260 | |a Buenos Aires: |b CLACSO | ||
| 300 | |a 384 p | ||
| 650 | |a ETICA | ||
| 650 | |a TEORIA POLITICA | ||
| 700 | |a comp. | ||
| 999 | |c 1444 |d 1444 | ||



